| 000 | 00537nam a22001937a 4500 | ||
|---|---|---|---|
| 999 |
_c170180 _d170180 |
||
| 005 | 20200103143252.0 | ||
| 010 | _aA-375489 | ||
| 020 |
_c40.00 _a- |
||
| 035 | _aA-375489 | ||
| 037 | _bBPPD | ||
| 082 | _a050 | ||
| 100 | _aو ر ما بلر ا ج | ||
| 245 |
_aتناظر / _cبلراج ورما |
||
| 246 |
_aTanazur (Urdu) _bby Balraj Verma |
||
| 260 |
_aN.Delhi _c1988 ء _bR.B.Publications, |
||
| 270 |
_aG 78 Saket _bN.Delhi _k- _e110017 |
||
| 300 |
_a279 ص _c22 cm(hb) |
||
| 942 |
_2ddc _cUR _h050 _mو ر م |
||